Importance of the relationship between population density and habitat area (Registro nro. 11637)

Detalles MARC
000 -CABECERA
Campo de control 004630000a22001450004500
090 ## - CLASIFICACIÓN LOCAL
Colección AR
Consecutivo 02573
041 0# - IDIOMA
Código de idioma para texto/pista de sonido o título separado
100 1# - ASIENTO PRINCIPAL--NOMBRE PERSONAL
Nombre personal Matter, Stephen E.
245 10 - MENCION DE TITULO
Título Importance of the relationship between population density and habitat area
650 14 - ASIENTO SECUNDARIO DE MATERIA - TERMINO TEMATICO
Término temático o nombre geográfico como elemento de entrada Ecología
650 14 - ASIENTO SECUNDARIO DE MATERIA - TERMINO TEMATICO
Término temático o nombre geográfico como elemento de entrada Biología de poblaciones
650 14 - ASIENTO SECUNDARIO DE MATERIA - TERMINO TEMATICO
Término temático o nombre geográfico como elemento de entrada Métodos de investigación
773 1# - Item fuente:
Título OIKOS: Journal of Ecology
Especificación de materiales 911
Descripción física 3
Paginas del Articulo 613-619
Lugar, editorial y fecha de publicación 2000
Información sobre la relación 89
942 ## - ELEMENTOS ADICIONALES (KOHA)
Tipo de ítem Artículo
Existencias
Withdrawn status Lost status Damaged status No para préstamo Colección Ubicación Permanente Ubicación actual Fecha de adquisición Fuente de Valor Datos de publicación Seriada Total Checkouts Número topográfico Inventario / Código de Barras Date last seen Ejemplar Price effective from Forma de adquisición Tipo de material
      No para Préstamo Hemeroteca Bogotá Bogotá 27/02/2015 Sánchez, Enrique Fuera de circulación   AR 02573 012988 25/03/2015 1 25/03/2015   Artículo